Ways that work : putting social studies standards into practice /

Bibliographic Details
Main Author: Lindquist, Tarry
Format: Book
Language:English
Published: Portsmouth, NH : Heinemann, [1997]
Subjects:

MARC

Tag First Indicator Second Indicator Subfields
LEADER 00000cam a2200000 a 4500
001 in00001403491
005 20151020055533.0
008 970717s1997 nhua b 000 0 eng
010 |a  97030027  
020 |a 0435089072 (alk. paper) 
035 |a (OCoLC)37368544 
035 |9 AHN4742AM 
040 |a DLC  |c DLC  |d TXA  |d UtOrBLW 
043 |a n-us--- 
049 |a TXAM 
050 0 0 |a LB1584  |b .L545 1997 
082 0 0 |a 300/.71  |2 21 
100 1 |a Lindquist, Tarry. 
245 1 0 |a Ways that work :  |b putting social studies standards into practice /  |c Tarry Lindquist. 
264 1 |a Portsmouth, NH :  |b Heinemann,  |c [1997] 
264 4 |c ©1997 
300 |a xxiv, 200 pages :  |b illustrations ;  |c 24 cm. 
336 |a text  |b txt  |2 rdacontent 
337 |a unmediated  |b n  |2 rdamedia 
338 |a volume  |b nc  |2 rdacarrier 
504 |a Includes bibliographical references (pages 199-200). 
650 0 |a Social sciences  |x Study and teaching (Elementary)  |z United States  |x Curricula. 
650 0 |a Social sciences  |x Study and teaching (Secondary)  |z United States  |x Curricula. 
650 0 |a Social sciences  |x Study and teaching  |x Standards  |z United States. 
948 |a c:ce 
999 |a MARS 
999 f f |s 90ec6121-bbea-349e-a42e-afab8b9ddb63  |i 0f97643c-3356-3790-910c-aeed48dcd9c5  |t 0 
952 f f |p normal  |a Texas A&M University  |b College Station  |c Sterling C. Evans Library  |d Evans: Library Stacks  |t 0  |e LB1584 .L545 1997  |h Library of Congress classification  |i unmediated -- volume  |m A14822134416 
998 f f |a LB1584 .L545 1997  |t 0  |l Evans: Library Stacks